Dienstleistungs Management Service als strategische Erfolgsposition

Enregistré dans:
Détails bibliographiques
Auteur principal: Benölken, Heinz
Autres auteurs: Greipel, Peter
Format: Livre
Langue:allemand
Publié: Wiesbaden Gabler 1990
Édition:1. Aufl.
Sujets:
Tags: Ajouter un tag
Pas de tags, Soyez le premier à ajouter un tag!

MARC

LEADER 00000nam a2200000 4500
001 c006262
005 20221206122400.9
020 |a 3-409-19130-5 
041 0 |a ger 
044 |a DE 
245 1 0 |a Dienstleistungs Management  |b Service als strategische Erfolgsposition  |c Heinz Benölken, Peter Greipel 
250 |a 1. Aufl. 
264 1 |a Wiesbaden  |b Gabler  |c 1990 
300 |a 243 s. 
610 2 0 |a manažment 
610 2 0 |a služby 
610 2 0 |a dopyt 
610 2 0 |a ponuka 
610 2 0 |a zákazníci 
610 2 0 |a kultúra 
610 2 0 |a servis 
610 2 0 |a opcie 
610 2 0 |a úspech pracovný 
100 1 |a Benölken, Heinz 
700 1 |a Greipel, Peter